000 00322nam a2200157Ia 4500
100 _aStark/Jonathan
650 _aAndroid
942 _cBK
366 _f25
245 _aBuilding android application
260 _bSPD
_c2012
082 _a5.133
_bSTA
300 _a158
546 _aENGLISH
_celectronics
999 _c28406
_d28406